Statistiche per Regioni d'Italia Quiz

Clicka qui per fare il quiz!

Statistiche generali

  • Questo quiz è stato fatto 11.714 volte
  • Il punteggio medio è 19 su 20

Risposte nella Mappa

Le risposte nella mappa del quiz sottostante sono codificate secondo una scala di colori dal rosso al verde in base alla % di persone che hanno risposto correttamente.
Caricamento ...
 

Statistiche sulle risposte

CapitaleRegione% Corretto
PalermoSicilia
99%
RomaLazio
98%
CagliariSardegna
98%
BolognaEmilia-Romagna
97%
MilanoLombardia
97%
VeneziaVeneto
96%
FirenzeToscana
96%
CatanzaroCalabria
96%
GenovaLiguria
96%
AostaValle d'Aosta
96%
TorinoPiemonte
96%
BariPuglia
96%
NapoliCampania
95%
TrentoTrentino-Alto Adige
95%
TriesteFriuli-Venezia Giulia
94%
CampobassoMolise
93%
PotenzaBasilicata
92%
PerugiaUmbria
92%
AnconaMarche
92%
L'AquilaAbruzzo
91%

Distribuzione punteggi

Percentile per numero di risposta

Percentuale di utenti per punteggio

I tuoi punteggi nel tempo

Non hai fatto questo quiz